[Event "St Petersburg Korchnoi Memorial op"]
[Site "St Petersburg"]
[Date "2023.08.24"]
[Round "9"]
[White "Tolstykh, Ivan"]
[Black "Mishiev, Mikhail"]
[Result "1-0"]
[WhiteElo "1879"]
[BlackElo "1530"]
[PlyCount "125"]
[EventDate "2023.08.18"]
[EventType "swiss"]
[EventRounds "9"]
[EventCountry "RUS"]
[SourceTitle "EXT 2024"]
[Source "ChessBase"]
[SourceDate "2023.10.10"]
[SourceVersion "1"]
[SourceVersionDate "2023.10.10"]
[SourceQuality "1"]

1. d4 d5 2. c4 c6 3. Nf3 Nf6 4. Nc3 Bg4 5. Ne5 Bf5 6. cxd5 Nxd5 7. Qb3 Qb6 8. Nxd5 cxd5 9. e3 Qxb3 10. axb3 f6 11. Bb5+ Nd7 12. Nxd7 Bxd7 13. Bd3 e5 14. Bd2 e4 15. Be2 Bd6 16. Ra5 Be6 17. 0-0 a6 18. Rfa1 0-0 19. b4 Rac8 20. Bc3 Bc7 21. R5a3 Bd7 22. b5 axb5 23. Rb3 Ra8 24. Rc1 Ba5 25. Bxb5 Bc6 26. Bxc6 bxc6 27. Bxa5 Rxa5 28. g3 Ra6 29. Rbc3 Rc8 30. Rc5 Rb8 31. Rxc6 Rxc6 32. Rxc6 Rxb2 33. Rc5 Kf7 34. Rxd5 Ke6 35. Ra5 Rb7 36. Kg2 Rc7 37. g4 g5 38. Ra6+ Kf7 39. d5 Rd7 40. Ra5 Rb7 41. h3 Ke7 42. Ra6 Rd7 43. Re6+ Kf7 44. Rxe4 Rxd5 45. Ra4 Rd2 46. Kg3 Re2 47. Ra3 Re1 48. f4 gxf4+ 49. exf4 Rg1+ 50. Kh4 Rh1 51. Kh5 f5 52. Kg5 fxg4 53. hxg4 h6+ 54. Kf5 Ke7 55. Ra7+ Kd6 56. Rh7 Rh4 57. Rg7 Rh3 58. Kf6 Rh4 59. f5 Rh1 60. Rg6 Rh4 61. g5 Kd5 62. Rxh6 Ra4 63. Rh7 1-0

[Event "Aktobe Dvorkovich Rapid op"]
[Site "Aktobe"]
[Date "2022.06.21"]
[Round "1"]
[White "Mishiev, Mikhail"]
[Black "Kuderinov, Kirill"]
[Result "0-1"]
[WhiteElo "1438"]
[BlackElo "2409"]
[PlyCount "90"]
[EventDate "2022.06.21"]
[EventType "swiss (rapid)"]
[EventRounds "9"]
[EventCountry "KAZ"]
[SourceTitle "CBM 209 Extra"]
[Source "ChessBase"]
[SourceDate "2022.09.30"]
[SourceVersion "1"]
[SourceVersionDate "2022.09.30"]
[SourceQuality "1"]

1. d4 Nf6 2. c4 e6 3. Nf3 Bb4+ 4. Nbd2 0-0 5. a3 Be7 6. e4 c5 7. d5 d6 8. Bd3 e5 9. 0-0 h6 10. b4 b6 11. Bb2 Nh7 12. Ne1 f5 13. exf5 Bxf5 14. Qc2 Bxd3 15. Qxd3 Nd7 16. Ne4 Ng5 17. f4 Nxe4 18. Qxe4 Bf6 19. Nd3 Re8 20. fxe5 Nxe5 21. Nxe5 Bxe5 22. Bxe5 Rxe5 23. Qg6 Qe7 24. h3 Re8 25. Rf3 Rg5 26. Qd3 Qe2 27. Qxe2 Rxe2 28. Rf2 Re4 29. Rc2 Rf5 30. Rf1 Rxf1+ 31. Kxf1 Kf7 32. Kf2 Kf6 33. Rc3 Ke5 34. Kf3 Kd4 35. bxc5 bxc5 36. Rb3 Re7 37. Rb8 Kxc4 38. Kf4 Kxd5 39. Kf5 c4 40. Kg6 c3 41. Rc8 Kd4 42. g4 d5 43. h4 Kd3 44. g5 hxg5 45. hxg5 d4 0-1